Journal of the Operations Research Society of Japan

Na minha lista:
Detalhes bibliográficos
Formato: Periódico
Idioma:inglês
Publicado em: Tokyo Operations Research Society of Japan
Tags: Adicionar Tag
Sem tags, seja o primeiro a adicionar uma tag!

MARC

LEADER 00000nas1a22000001 4500
001 s120958
005 20250701092135.6
022 |a 0453-4514 
022 |a 2188-8299 
041 0 |a eng 
044 |a JP 
245 1 0 |a Journal of the Operations Research Society of Japan 
264 1 |a Tokyo  |b Operations Research Society of Japan